00988nam a2200217 i 450000100060000000300090000600500170001500700030003200800410003510000540007624502240013025000130035426000530036730000200042065000570044065000590049770000500055685200240060699900170063095201230064735681ES-MaACL20251005063034.0t|030213s1934 sp ||||1| spa d1 aBrocá, Guillermo María de, d1850-191893182310aManual de formularios ajustados a la Ley de Enjuiciamento Civil y demás pisposiciones legales de caracter procesal / cpor Guillermo Mª Broca ; adicionada según las disposiciones vigentes de Mariano Rubió Tuduri. a12ª ed. aBarcelona : b[s.n., c1934] (fImp. Clarassó) a2 v. ; c23 cm. 4aProcedimiento civil-zEspaña-vFormularios.916421 4aProcedimiento civil-zEspaña-vLegislación.9164221 aRubió i Tuduri, Marià,d1896-19629100450 aES-MaACLjA-2393-94 c35681d35681 00104070aATENEOMbATENEOMcSPP1d2008-01-17eSCl0oA-2393-94p1037364r2023-02-23 00:00:00w2023-02-23yMONOGRAFIA